[Event "EU-ch Online U14 Girls"]
[Site "Tornelo INT"]
[Date "2020.09.19"]
[Round "6"]
[White "Bache, Miranda"]
[Black "Beyeler, Lilo"]
[Result "0-1"]
[WhiteElo "1303"]
[BlackElo "1522"]
[PlyCount "116"]
[EventDate "2020.09.18"]
[EventType "swiss (rapid)"]
[EventRounds "9"]
[EventCountry "NET"]
[SourceTitle "EXT 2023"]
[Source "ChessBase"]
[SourceDate "2022.10.05"]
[SourceVersion "1"]
[SourceVersionDate "2022.10.05"]
[SourceQuality "1"]
[WhiteTeam "Sweden"]
[BlackTeam "Schweiz"]
[WhiteTeamCountry "SWE"]
[BlackTeamCountry "SUI"]

1. e4 e5 2. Nf3 Nc6 3. Bc4 d6 4. d3 Nf6 5. Be3 g6 6. 0-0 Bg7 7. Nc3 0-0 8. d4 Qe7 9. d5 Na5 10. Bd3 b6 11. Ne2 Nb7 12. c4 Nc5 13. Nc3 Nxd3 14. Qxd3 Bb7 15. b4 a5 16. bxa5 Rxa5 17. Rab1 Ng4 18. Bg5 Qd7 19. h3 Nf6 20. Nb5 Rxa2 21. Na3 Qa4 22. Rb3 Nxe4 23. Qe3 Nxg5 24. Nxg5 Bh6 25. h4 f6 26. Qc3 fxg5 27. hxg5 Bxg5 28. Rfb1 Rfxf2 29. R1b2 Rfxb2 30. Rxb2 Rxa3 31. Qc2 Ra1+ 32. Kh2 Bf4+ 33. g3 Qxc2+ 34. Rxc2 Bg5 35. Rf2 e4 36. Re2 e3 37. Kh3 h5 38. Kg2 Ra3 39. Kf3 Rd3 40. g4 hxg4+ 41. Kxg4 Rd2 42. Re1 Bh6 43. Kf3 Rc2 44. Ke4 Rxc4+ 45. Kd3 Rc5 46. Rd1 Rxd5+ 47. Ke2 Rxd1 48. Kxd1 Bf3+ 49. Ke1 b5 50. Kf1 b4 51. Kg1 b3 52. Kh2 e2 53. Kg3 e1Q+ 54. Kxf3 Qe3+ 55. Kg2 b2 56. Kf1 b1Q+ 57. Kg2 Qc2+ 58. Kf1 Qec1# 0-1

[Event "EU-ch Online U14 Girls"]
[Site "Tornelo INT"]
[Date "2020.09.19"]
[Round "5"]
[White "Bondar, Anastasiya"]
[Black "Bache, Miranda"]
[Result "1-0"]
[WhiteElo "1390"]
[BlackElo "1303"]
[PlyCount "137"]
[EventDate "2020.09.18"]
[EventType "swiss (rapid)"]
[EventRounds "9"]
[EventCountry "NET"]
[SourceTitle "EXT 2023"]
[Source "ChessBase"]
[SourceDate "2022.10.05"]
[SourceVersion "1"]
[SourceVersionDate "2022.10.05"]
[SourceQuality "1"]
[WhiteTeam "Belarus"]
[BlackTeam "Sweden"]
[WhiteTeamCountry "BLR"]
[BlackTeamCountry "SWE"]

1. e4 e5 2. Nf3 Nc6 3. Bc4 Nf6 4. d3 d6 5. Nc3 Bg4 6. h3 Be6 7. Bb3 Be7 8. Be3 0-0 9. 0-0 Nd7 10. Qd2 Nc5 11. Bd5 Nb4 12. Bxc5 dxc5 13. Bxe6 fxe6 14. Nxe5 Qd6 15. Nc4 Qf4 16. Qxf4 Rxf4 17. Rac1 Raf8 18. Ne5 b6 19. a3 Na6 20. g3 R4f6 21. Nd7 Rxf2 22. Rxf2 Rxf2 23. Kxf2 Bd6 24. Ke3 Kf7 25. d4 Ke7 26. Ne5 cxd4+ 27. Kxd4 c5+ 28. Kc4 Bxe5 29. g4 Nc7 30. b3 Bf4 31. Rf1 e5 32. Nb5 Nxb5 33. Kxb5 Ke6 34. Ka6 Kd6 35. Kxa7 Kc6 36. a4 h6 37. Ka6 g5 38. a5 bxa5 39. Kxa5 Kd6 40. Kb6 Be3 41. Rf6+ Ke7 42. Rxh6 Kd7 43. Kb7 Kd8 44. Rh7 Ke8 45. Kc6 Kd8 46. Kd6 Kc8 47. Kxe5 Bd4+ 48. Kd6 Be3 49. e5 Bf4 50. Rg7 Kb8 51. Kxc5 Bxe5 52. Rxg5 Bf6 53. Rg6 Be7+ 54. Kb6 Kc8 55. Kc6 Kd8 56. Rg7 Bf6 57. Rh7 Ke8 58. h4 Kf8 59. g5 Bg7 60. h5 Kg8 61. g6 Kf8 62. Kd6 Kg8 63. Ke6 Kf8 64. c4 Kg8 65. c5 Bd4 66. h6 Bxc5 67. Rc7 Bb6 68. Rc8+ Bd8 69. Rxd8# 1-0

[Event "EU-ch Online U14 Girls"]
[Site "Tornelo INT"]
[Date "2020.09.18"]
[Round "3"]
[White "Gronhoj, Precious"]
[Black "Bache, Miranda"]
[Result "0-1"]
[WhiteElo "1154"]
[BlackElo "1303"]
[PlyCount "54"]
[EventDate "2020.09.18"]
[EventType "swiss (rapid)"]
[EventRounds "9"]
[EventCountry "NET"]
[SourceTitle "EXT 2023"]
[Source "ChessBase"]
[SourceDate "2022.10.05"]
[SourceVersion "1"]
[SourceVersionDate "2022.10.05"]
[SourceQuality "1"]
[WhiteTeam "Denmark"]
[BlackTeam "Sweden"]
[WhiteTeamCountry "DEN"]
[BlackTeamCountry "SWE"]

1. Nf3 d5 2. d4 Nf6 3. h3 Nc6 4. Bf4 g6 5. e3 Bg7 6. Nc3 0-0 7. Bd3 b6 8. Qe2 Bb7 9. 0-0-0 e6 10. e4 Nb4 11. e5 Nd7 12. Bb5 c5 13. dxc5 bxc5 14. g4 a6 15. Ba4 c4 16. a3 Nc6 17. h4 Qc7 18. Bxc6 Bxc6 19. g5 Rab8 20. Nb1 Qb6 21. c3 Nc5 22. Ne1 Ba4 23. Rd2 Nb3+ 24. Kd1 Nd4+ 25. Kc1 Nxe2+ 26. Rxe2 Qb3 27. h5 Qd1# 0-1

[Event "EU-ch Online U14 Girls"]
[Site "Tornelo INT"]
[Date "2020.09.18"]
[Round "1"]
[White "Volovich, Julia"]
[Black "Bache, Miranda"]
[Result "1-0"]
[WhiteElo "1607"]
[BlackElo "1303"]
[PlyCount "53"]
[EventDate "2020.09.18"]
[EventType "swiss (rapid)"]
[EventRounds "9"]
[EventCountry "NET"]
[SourceTitle "EXT 2023"]
[Source "ChessBase"]
[SourceDate "2022.10.05"]
[SourceVersion "1"]
[SourceVersionDate "2022.10.05"]
[SourceQuality "1"]
[WhiteTeam "England"]
[BlackTeam "Sweden"]
[WhiteTeamCountry "ENG"]
[BlackTeamCountry "SWE"]

1. d4 Nf6 2. c4 e6 3. Nc3 d5 4. Bg5 Be7 5. e3 0-0 6. Nf3 Bd7 7. Bxf6 Bxf6 8. cxd5 exd5 9. Nxd5 Bf5 10. Nxf6+ Qxf6 11. Bd3 Nd7 12. 0-0 c5 13. Rc1 Rac8 14. Qe2 Rfe8 15. Bb5 cxd4 16. Nxd4 a6 17. Nxf5 Qxf5 18. Bd3 Qd5 19. Bb1 Ne5 20. h3 h6 21. Rfd1 Qe6 22. Rc2 Red8 23. Rdc1 Rxc2 24. Qxc2 Ng6 25. Qc7 Qd5 26. Be4 Qd2 27. Bxb7 1-0